Online
Catalog

Las ciencias humanas y la filosofía / (Record no. 22450)

MARC details
000 -CABECERA
campo de control de longitud fija 00701nam a2200205 a 4500
001 - NÚMERO DE CONTROL
campo de control 000022953
005 - FECHA Y HORA DE LA ÚLTIMA TRANSACCIÓN
campo de control 20200930021907.0
008 - DATOS DE LONGITUD FIJA--INFORMACIÓN GENERAL
campo de control de longitud fija 101123s1972 ag r 000 | spa d
040 ## - FUENTE DE LA CATALOGACIÓN
Centro catalogador/agencia de origen DO-SdBNP
Lengua de catalogación spa
Centro/agencia transcriptor BNPHU
082 ## - NÚMERO DE LA CLASIFICACIÓN DECIMAL DEWEY
Número de clasificación xxx
Número de documento/Ítem G619c
049 ## - FONDOS LOCALES (OCLC)
Fondos de biblioteca BNGR
245 14 - MENCIÓN DE TÍTULO
Título Las ciencias humanas y la filosofía /
Mención de responsabilidad, etc. Lucien Goldmann; traducción Josefina Martínez Alinari.
260 ## - PUBLICACIÓN, DISTRIBUCIÓN, ETC.
Lugar de publicación, distribución, etc. Buenos Aires :
Nombre del editor, distribuidor, etc. Nueva Visión,
Fecha de publicación, distribución, etc. 1972.
300 ## - DESCRIPCIÓN FÍSICA
Extensión 120 p. ;
Dimensiones 18 cm.
490 ## - MENCIÓN DE SERIE
Mención de serie Fichas;
Designación de volumen o secuencia 2
534 ## - NOTA SOBRE LA VERSIÓN ORIGINAL
Encabezamiento principal del original Sciences humaines et philophie
Localización del original español
700 1# - PUNTO DE ACCESO ADICIONAL--NOMBRE DE PERSONA
Nombre de persona Martínez Alinari, Josefina
Término indicativo de función/relación tr.
9 (RLIN) 47198
730 0# - PUNTO DE ACCESO ADICIONAL--TÍTULO UNIFORME
Título uniforme Título original francés :
Título de la obra Sciences humaines et philophie
9 (RLIN) 47199
830 #0 - PUNTO DE ACCESO ADICIONAL DE SERIE-TÍTULO UNIFORME
Título uniforme Fichas;
Designación de volumen o secuencia 2
9 (RLIN) 33686
Holdings
Estado de retiro Estado de pérdida Restricciones de uso No para préstamo Código de colección Localización permanente Ubicación/localización actual Ubicación en estantería Fecha de adquisición Número de inventario Total de préstamos Signatura topográfica completa Código de barras Fecha visto por última vez Precio válido a partir de Tipo de ítem Koha
      Excluido de préstamo Monografías: Libros y Folletos General General En catalogación 23.11.2010 LF1   xxx G619c 22953-10 25.06.2020 25.06.2020 No se presta

Powered by Koha